[Event "HCL-C008"]
[Site "www.playchess.de"]
[Date "2001.01.22"]
[Round "7"]
[White "allan"]
[Black "pablo"]
[WhiteElo "1000"]
[BlackElo "1000"]
[PlyCount "66"]
[Result "0-1"]

1.e4 c5 2.Nf3 g6 3.d4 Bg7 4.c3 b6 5.d5 d6 6.Bb5+ 
Bd7 7.Na3 Bxb5 8.Nxb5 a6 9.Na3 Nf6 10.Qc2 O-O 
11.Bg5 Nbd7 12.Nc4 b5 13.Ncd2 c4 14.O-O Nc5 15.b3 
cxb3 16.axb3 Rc8 17.Nd4 h6 18.Be3 Ng4 19.Nc6 Nxe3 
20.fxe3 Qd7 21.b4 Na4 22.Nb3 Bxc3 23.Rxa4 bxa4 
24.Qxc3 axb3 25.Qxb3 Rxc6 26.dxc6 Qxc6 27.Qd3 Rb8 
28.Rb1 Qa4 29.Qc3 a5 30.Qc7 Rxb4 31.Rxb4 Qxb4 
32.Qd8+ Kg7 33.Qxe7 Qe1+ 0-1

[Event "HCL-C008"]
[Site "www.playchess.de"]
[Date "2001.01.22"]
[Round "9"]
[White "allan"]
[Black "Queen"]
[WhiteElo "1000"]
[BlackElo "1000"]
[PlyCount "39"]
[Result "1-0"]

1.e4 e5 2.Nf3 Nc6 3.Bc4 d5 4.Bxd5 Be6 5.Bxe6 fxe6 
6.O-O Qe7 7.c3 O-O-O 8.b4 g5 9.Ba3 g4 10.Ne1 g3 
11.fxg3 Qf7 12.Rxf7 h5 13.Qf3 Nh6 14.Rf6 Bg7 
15.Rxe6 h4 16.gxh4 Rd7 17.b5 b6 18.bxc6 Rf7 19.Qh3 
Rhf8 20.Re8+ 1-0

[Event "HCL-C008"]
[Site "www.playchess.de"]
[Date "2001.01.22"]
[Round "10"]
[White "luizfernandes"]
[Black "allan"]
[WhiteElo "1000"]
[BlackElo "1000"]
[PlyCount "54"]
[Result "0-1"]

1.e4 e6 2.d4 d5 3.Nc3 Bb4 4.e5 Nc6 5.f4 Nge7 6.a3 
Bxc3+ 7.bxc3 Bd7 8.Nf3 Nf5 9.Rb1 Rb8 10.g4 Nh4 
11.g5 Nxf3+ 12.Qxf3 Qe7 13.h4 Kd8 14.Bd3 a6 15.O-O 
h6 16.Be3 b5 17.Rb2 hxg5 18.fxg5 Be8 19.Qf4 Kc8 
20.Rf2 Qxa3 21.Rb3 Qa2 22.Bc1 Qa5 23.Ra3 Qb6 
24.Rh2 Ne7 25.Qg3 b4 26.Rb3 Qa5 27.c4 
Qa1 0-1

[Event "HCL-C008"]
[Site "www.playchess.de"]
[Date "2001.01.22"]
[Round "15"]
[White "allan"]
[Black "Filk"]
[WhiteElo "1000"]
[BlackElo "800"]
[PlyCount "53"]
[Result "1-0"]

1.e4 e5 2.Nf3 Nc6 3.Bb5 a6 4.Ba4 b5 5.Bb3 Na5 6.c3 
Nxb3 7.Qxb3 Bb7 8.d3 f6 9.O-O d5 10.Re1 Qd7 11.Be3 
dxe4 12.dxe4 Bxe4 13.Nfd2 Bc6 14.Na3 Bd6 15.Bf4 
Be7 16.Bg3 Bxa3 17.bxa3 Qxd2 18.Bxe5 fxe5 19.Rxe5+ 
Kf8 20.Rae1 Qd6 21.Qc2 Nf6 22.Qf5 Qxa3 23.R5e6 
Qxc3 24.R6e7 Re8 25.Qe6 Qxe1+ 26.Qxe1 Rxe7 
27.Qd2 1-0

[Event "HCL-C008"]
[Site "www.playchess.de"]
[Date "2001.01.22"]
[Round "17"]
[White "Kiepski"]
[Black "wuliao"]
[WhiteElo "1000"]
[BlackElo "1000"]
[PlyCount "73"]
[Result "1-0"]

1.e4 Nc6 2.d4 e6 3.Nf3 Nge7 4.Bd3 d5 5.exd5 Nxd5 
6.a3 Be7 7.O-O Nf4 8.Bxf4 O-O 9.c3 g6 10.Nbd2 g5 
11.Bg3 f5 12.h3 f4 13.Bh2 e5 14.Bc4+ Kh8 15.Nxe5 
Nxe5 16.dxe5 a6 17.Ne4 Qxd1 18.Raxd1 Bf5 19.Rfe1 
b5 20.Ba2 h6 21.f3 Rad8 22.Kh1 Bxe4 23.fxe4 f3 
24.gxf3 Rxf3 25.Rxd8+ Bxd8 26.Rd1 Be7 27.Kg2 Re3 
28.Rd2 Rxe4 29.Bg1 g4 30.Be6 h5 31.hxg4 hxg4 
32.Bf2 c5 33.Kg3 Rxe5 34.Bxg4 Kh7 35.Re2 Rxe2 
36.Bxe2 Kh6 37.Kf3 1-0

[Event "HCL-C008"]
[Site "www.playchess.de"]
[Date "2001.01.22"]
[Round "18"]
[White "wuliao"]
[Black "Queen"]
[WhiteElo "1000"]
[BlackElo "1000"]
[PlyCount "69"]
[Result "1-0"]

1.Nf3 Nc6 2.Nc3 Nf6 3.e3 e5 4.Be2 Bb4 5.a3 Bxc3 
6.dxc3 O-O 7.b4 e4 8.Nd4 Nxd4 9.cxd4 Nd5 10.Bc4 
Nc3 11.Qd2 Nb1 12.Rxb1 d5 13.Bb3 c6 14.O-O a6 
15.f3 exf3 16.Rxf3 a5 17.Qf2 axb4 18.axb4 Bg4 
19.Rf4 Qd7 20.Bb2 Ra6 21.Rf1 Rb6 22.e4 Rxb4 
23.exd5 cxd5 24.h3 Be6 25.Ba3 Rb6 26.Bxf8 Kxf8 
27.Ra1 Bxh3 28.Ra8+ Ke7 29.Qh4+ f6 30.gxh3 g5 
31.Qxh7+ Ke6 32.Qg8+ Qf7 33.Re8+ Kd7 34.Qxf7+ Kd6 
35.Rxf6+ 1-0

[Event "HCL-C008"]
[Site "www.playchess.de"]
[Date "2001.01.22"]
[Round "19"]
[White "luizfernandes"]
[Black "wuliao"]
[WhiteElo "1000"]
[BlackElo "1000"]
[PlyCount "41"]
[Result "1-0"]

1.e4 Nc6 2.d4 e6 3.Nf3 Nge7 4.Nc3 d5 5.e5 Nf5 
6.Bg5 Be7 7.Bf4 f6 8.g4 Nh6 9.h3 O-O 10.Bb5 g5 
11.Bg3 a6 12.Ba4 fxe5 13.dxe5 Rf7 14.Qd3 Qf8 15.h4 
Rxf3 16.Qd2 Nxg4 17.hxg5 d4 18.Nd1 b5 19.c3 dxc3 
20.Qc2 bxa4 21.Qxh7+ 1-0

[Event "HCL-C008"]
[Site "www.playchess.de"]
[Date "2001.01.22"]
[Round "20"]
[White "wuliao"]
[Black "allan"]
[WhiteElo "1000"]
[BlackElo "1000"]
[PlyCount "67"]
[Result "1-0"]

1.Nf3 d5 2.e3 Nc6 3.d4 a6 4.Nc3 f6 5.Bd3 Bg4 6.h3 
Bxf3 7.Qxf3 e6 8.Bd2 Bb4 9.Qh5+ Ke7 10.a3 Bd6 
11.O-O-O Nh6 12.Rhe1 Qf8 13.e4 g6 14.Qe2 Nxd4 
15.Qe3 Bc5 16.Qxh6 Qxh6 17.Bxh6 g5 18.exd5 Kd6 
19.dxe6 Nxe6 20.Bf5+ Nd4 21.Ne4+ Kc6 22.Nxc5 Kxc5 
23.b4+ Kc4 24.Bd3+ Kd5 25.Be4+ Kc4 26.Bxb7 Ra7 
27.Bf3 Nxf3 28.gxf3 Rg8 29.Re4+ Kb5 30.Rd5+ Kb6 
31.Re6+ c6 32.Rdd6 Rc7 33.Rexf6 Kb5 
34.Rf5+ 1-0

[Event "HCL-C008"]
[Site "www.playchess.de"]
[Date "2001.01.22"]
[Round "22"]
[White "pablo"]
[Black "Molli_Jaschin"]
[WhiteElo "1000"]
[BlackElo "1002"]
[PlyCount "72"]
[Result "0-1"]

1.d4 d5 2.c4 c6 3.Nf3 Nf6 4.e3 e6 5.a3 Be7 6.Nc3 
O-O 7.Be2 Nbd7 8.O-O dxc4 9.Bxc4 b5 10.Bd3 Bb7 
11.e4 a5 12.Ng5 e5 13.d5 cxd5 14.exd5 Nc5 15.Bxb5 
Nxd5 16.Qh5 Nf6 17.Qh3 h6 18.Nf3 Bxf3 19.Qxf3 Nb3 
20.Rb1 Nd4 21.Qd3 Rb8 22.Ba4 Nd5 23.Nxd5 Qxd5 
24.Bc2 f5 25.b4 e4 26.Qd1 Qc4 27.Bb3 Nxb3 28.Qxb3 
Qxb3 29.Rxb3 axb4 30.Bf4 Rb7 31.Rfb1 Rd8 32.h3 g5 
33.Be5 Rd5 34.Bh2 Rbd7 35.g4 f4 36.Kf1 
bxa3 0-1

[Event "HCL-C008"]
[Site "www.playchess.de"]
[Date "2001.01.22"]
[Round "23"]
[White "Molli_Jaschin"]
[Black "Kiepski"]
[WhiteElo "1002"]
[BlackElo "1000"]
[PlyCount "67"]
[Result "1-0"]

1.e4 e5 2.Nf3 Nc6 3.Bb5 a6 4.Bxc6 dxc6 5.O-O Bd6 
6.d4 Bg4 7.c3 Nf6 8.dxe5 Bxf3 9.gxf3 Bxe5 10.f4 
Bd6 11.e5 O-O 12.exd6 cxd6 13.Re1 Qd7 14.Nd2 Rae8 
15.Rxe8 Rxe8 16.Nc4 h6 17.Be3 Qe6 18.b3 Nd5 19.Bd2 
Qe4 20.Qg4 Qc2 21.f5 Nf6 22.Qg2 Kf8 23.Bf4 d5 
24.Nd6 Qxc3 25.Rf1 Re7 26.Qg3 Qb2 27.Nc8 Re8 
28.Nd6 Re7 29.a4 Nh5 30.Qg4 Nf6 31.Qf3 Kg8 32.Bc1 
Qc2 33.Qd1 Qc3 34.Bd2 1-0

[Event "HCL-C008"]
[Site "www.playchess.de"]
[Date "2001.01.22"]
[Round "24"]
[White "Queen"]
[Black "Molli_Jaschin"]
[WhiteElo "1000"]
[BlackElo "1002"]
[PlyCount "72"]
[Result "0-1"]

1.e4 e5 2.Nf3 Nc6 3.Bb5 a6 4.O-O axb5 5.Nc3 b4 
6.Nd5 Nf6 7.Nxf6+ Qxf6 8.d3 h6 9.b3 Be7 10.d4 exd4 
11.e5 Nxe5 12.Nxe5 Qxe5 13.Bf4 Qxf4 14.g3 Qf6 
15.Re1 O-O 16.Qe2 Re8 17.Rad1 Rxa2 18.Qd3 c5 
19.Rda1 Rxa1 20.Rxa1 d5 21.Qb5 Kf8 22.Re1 Qa6 
23.Qxa6 bxa6 24.Kg2 Bf5 25.Re5 Bxc2 26.Rxd5 Be4+ 
27.f3 Bxd5 28.h4 Bxb3 29.Kh3 d3 30.g4 d2 31.f4 d1Q 
32.g5 Qf3+ 33.Kh2 Qxf4+ 34.Kg2 Bd5+ 35.Kh3 Qf3+ 
36.Kh2 Qg2+ 0-1

[Event "HCL-C008"]
[Site "www.playchess.de"]
[Date "2001.01.22"]
[Round "25"]
[White "Molli_Jaschin"]
[Black "luizfernandes"]
[WhiteElo "1002"]
[BlackElo "1000"]
[PlyCount "51"]
[Result "1-0"]

1.e4 e6 2.d4 d5 3.Nd2 Nc6 4.Ngf3 Bd6 5.e5 Bb4 
6.Bb5 Nge7 7.O-O a6 8.Bd3 O-O 9.c3 Ba5 10.Nb3 Nf5 
11.Nxa5 Nxa5 12.b4 Nc6 13.Bg5 Qe8 14.a4 f6 15.exf6 
gxf6 16.Bf4 Qe7 17.Bxf5 Kh8 18.Re1 Qg7 19.Bxe6 Ne7 
20.Bxc7 Bxe6 21.Rxe6 Ng6 22.Bd6 Rfg8 23.g3 Qd7 
24.Rxf6 Qh3 25.Ng5 Qh6 26.Nf7+ 1-0

[Event "HCL-C008"]
[Site "www.playchess.de"]
[Date "2001.01.22"]
[Round "26"]
[White "allan"]
[Black "Molli_Jaschin"]
[WhiteElo "1000"]
[BlackElo "1002"]
[PlyCount "50"]
[Result "0-1"]

1.d4 d5 2.c4 c6 3.e3 e6 4.Nf3 Nf6 5.Nc3 Bb4 6.a3 
Bxc3+ 7.bxc3 O-O 8.Bd3 dxc4 9.Bxc4 b5 10.Bd3 Nbd7 
11.O-O Bb7 12.Qc2 Re8 13.e4 c5 14.Ne1 c4 15.Be2 
Bxe4 16.Qd2 Nd5 17.Bf3 Bxf3 18.Nxf3 N7f6 19.Ne5 
Ne4 20.Qb2 Ndxc3 21.Be3 f6 22.Nc6 Qd7 23.Bd2 Ne2+ 
24.Kh1 Qxc6 25.Rfe1 Nxf2+ 0-1

[Event "HCL-C008"]
[Site "www.playchess.de"]
[Date "2001.01.22"]
[Round "27"]
[White "Molli_Jaschin"]
[Black "Filk"]
[WhiteElo "1002"]
[BlackElo "800"]
[PlyCount "66"]
[Result "0-1"]

1.e4 e5 2.Nf3 Nf6 3.Nxe5 d6 4.Nf3 Nxe4 5.Qe2 Qe7 
6.d3 Nf6 7.Bg5 Nc6 8.Bxf6 gxf6 9.Nc3 Qxe2+ 10.Bxe2 
Bf5 11.O-O O-O-O 12.Rfe1 d5 13.a3 Rg8 14.Nh4 Be6 
15.Nf3 Bh3 16.g3 f5 17.Bf1 Bg4 18.Bg2 f4 19.Ne5 
Nxe5 20.Rxe5 c6 21.h3 Bd6 22.Ree1 Bd7 23.g4 h5 
24.f3 hxg4 25.hxg4 f5 26.gxf5 Bxf5 27.Kf1 Rg5 
28.Re2 Rdg8 29.Rae1 Kd7 30.b4 b5 31.Nb1 a5 32.bxa5 
Bc5 33.Nd2 Rh8 0-1

[Event "HCL-C008"]
[Site "www.playchess.de"]
[Date "2001.01.22"]
[Round "28"]
[White "wuliao"]
[Black "Molli_Jaschin"]
[WhiteElo "1000"]
[BlackElo "1002"]
[PlyCount "56"]
[Result "0-1"]

1.Nf3 d5 2.e3 Nf6 3.Nc3 Nc6 4.d3 e5 5.Be2 Bb4 
6.O-O O-O 7.d4 e4 8.Ne5 Re8 9.Nxc6 bxc6 10.a3 Bxc3 
11.bxc3 Rb8 12.c4 dxc4 13.Bxc4 Bg4 14.Qd2 c5 15.c3 
cxd4 16.cxd4 Be6 17.Bxe6 Rxe6 18.f3 exf3 19.Rxf3 
Ne4 20.Qa5 a6 21.Qf5 Qe7 22.d5 Rf6 23.Qg4 Rxf3 
24.Qxf3 Qe5 25.Ra2 Qxd5 26.Rc2 c5 27.Rd2 Qxd2 
28.Qxe4 Qe1+ 0-1

[Event "HCL-C008"]
[Site "www.playchess.de"]
[Date "2001.01.22"]
[Round "30"]
[White "Kiepski"]
[Black "paule"]
[WhiteElo "1000"]
[BlackElo "1000"]
[PlyCount "78"]
[Result "0-1"]

1.e4 d5 2.exd5 Nf6 3.d4 Nxd5 4.c4 Nb4 5.a3 N4c6 
6.Be3 Bf5 7.Nf3 e6 8.Nc3 Nd7 9.Bd3 Bg6 10.O-O Be7 
11.Re1 Bxd3 12.Qxd3 O-O 13.Rad1 h6 14.Bf4 Nf6 
15.Re2 Bd6 16.Ne5 Bxe5 17.Bxe5 Nxe5 18.dxe5 Qxd3 
19.Rxd3 Nh7 20.Red2 Rfc8 21.f4 Nf8 22.g3 f6 
23.exf6 gxf6 24.Ne4 Kf7 25.Nc5 b6 26.Nd7 Ng6 27.c5 
Rcg8 28.Kf2 Ne7 29.b4 b5 30.c6 Rge8 31.Nc5 Nxc6 
32.R3d7+ Re7 33.Rxe7+ Nxe7 34.Rd7 c6 35.Rd6 a5 
36.Nxe6 axb4 37.axb4 Nd5 38.Rxc6 Nxb4 39.Rb6 
Nd5 0-1

[Event "HCL-C008"]
[Site "www.playchess.de"]
[Date "2001.01.22"]
[Round "33"]
[White "paule"]
[Black "allan"]
[WhiteElo "1000"]
[BlackElo "1000"]
[PlyCount "59"]
[Result "1-0"]

1.b4 d5 2.Bb2 Nc6 3.b5 Na5 4.e3 e6 5.Nf3 Bd7 6.a4 
b6 7.Be2 Bd6 8.Bxg7 f6 9.Bxh8 Qe7 10.d4 O-O-O 
11.Bd3 Nh6 12.Bxf6 Qxf6 13.Bxh7 Nc4 14.c3 Qg7 
15.Bd3 Na5 16.g3 Ng4 17.Nbd2 Rf8 18.e4 dxe4 
19.Nxe4 Be7 20.Qe2 Nb7 21.h3 Nf6 22.Ne5 Na5 
23.Nxf6 Bxf6 24.Nxd7 Kxd7 25.Be4 e5 26.Bf5+ Kd6 
27.dxe5+ Bxe5 28.O-O-O+ Kc5 29.Qe3+ Kc4 
30.Be6+ 1-0

[Event "HCL-C008"]
[Site "www.playchess.de"]
[Date "2001.01.22"]
[Round "36"]
[White "Molli_Jaschin"]
[Black "paule"]
[WhiteElo "1002"]
[BlackElo "1000"]
[PlyCount "70"]
[Result "0-1"]

1.d4 c5 2.dxc5 e6 3.Nf3 Bxc5 4.e3 Nf6 5.Nc3 Nc6 
6.Bb5 O-O 7.O-O a6 8.Bd3 b5 9.a3 Bb7 10.b4 Bb6 
11.Bb2 Rc8 12.Re1 Qe7 13.Qd2 Rfd8 14.Rad1 d5 15.h3 
Ne4 16.Qc1 Nxb4 17.Bxe4 dxe4 18.Rxd8+ Qxd8 19.Nd2 
Rxc3 20.axb4 Rc8 21.Rd1 Qe7 22.c3 Rd8 23.Nb3 Rd3 
24.Rxd3 exd3 25.Qd1 Qg5 26.Qg4 Qxg4 27.hxg4 Bd5 
28.Nd2 e5 29.e4 Be6 30.Kf1 f6 31.f3 Kf7 32.g3 Kg6 
33.Kg2 Be3 34.Nf1 Bg5 35.Kf2 d2 0-1

[Event "HCL-C053"]
[Site "www.playchess.de"]
[Date "2001.01.22"]
[Round "2"]
[White "Cooldude"]
[Black "Alice"]
[WhiteElo "755"]
[BlackElo "1000"]
[PlyCount "31"]
[Result "1-0"]

1.d4 g5 2.Bxg5 h6 3.Bf4 e6 4.Nc3 Nc6 5.e4 Bd6 6.e5 
Bb4 7.a3 Bf8 8.Qh5 Nxd4 9.Bd3 d6 10.Nf3 c5 11.Ng5 
Rh7 12.Bxh7 Ne7 13.Qxf7+ Kd7 14.exd6 hxg5 15.Bxg5 
Ndc6 16.Rd1 1-0

[Event "HCL-C053"]
[Site "www.playchess.de"]
[Date "2001.01.22"]
[Round "4"]
[White "Alice"]
[Black "Pelikan"]
[WhiteElo "1000"]
[BlackElo "1185"]
[PlyCount "50"]
[Result "0-1"]

1.d3 d5 2.Nc3 e5 3.Nf3 Nc6 4.Nxd5 Qxd5 5.e4 Qd8 
6.Bg5 Be7 7.Bc1 Nf6 8.c3 O-O 9.b3 Ne8 10.b4 a6 
11.h4 Bg4 12.Rb1 b5 13.Qd2 Bxf3 14.gxf3 f5 15.h5 
fxe4 16.Qb2 exd3 17.Qb3+ Kh8 18.h6 g6 19.Rb2 Bg5 
20.Bd2 e4 21.f4 Bxf4 22.Rh4 Qxh4 23.Qe6 Nd6 24.Bh3 
e3 25.Bxe3 Bxe3 0-1

[Event "HCL-C053"]
[Site "www.playchess.de"]
[Date "2001.01.22"]
[Round "5"]
[White "Pelikan"]
[Black "ChessMonger"]
[WhiteElo "1185"]
[BlackElo "1000"]
[PlyCount "21"]
[Result "1-0"]

1.e4 e5 2.Nf3 Nc6 3.Bc4 Nf6 4.d4 d5 5.Bb5 e4 6.Nd4 
Qd6 7.O-O h5 8.c3 a6 9.Qa4 h4 10.Nxc6 Ng4 
11.g3 1-0

[Event "HCL-C053"]
[Site "www.playchess.de"]
[Date "2001.01.22"]
[Round "6"]
[White "Cooldude"]
[Black "Pelikan"]
[WhiteElo "755"]
[BlackElo "1185"]
[PlyCount "72"]
[Result "1/2-1/2"]

1.e4 c5 2.Nc3 d6 3.Bc4 Nc6 4.a3 a6 5.d3 e6 6.Be3 
b5 7.Bb3 Bb7 8.Nce2 Be7 9.c4 Na5 10.cxb5 axb5 
11.Nd4 Qd7 12.a4 b4 13.Bc4 Ba6 14.Bxe6 fxe6 
15.Qh5+ g6 16.Qxa5 Nf6 17.Nb5 O-O 18.Rc1 Bb7 
19.Qxb4 d5 20.Bc5 Rfc8 21.Ne2 Bxc5 22.Rxc5 Rxc5 
23.Qxc5 Rxa4 24.O-O dxe4 25.d4 Ra5 26.Nec3 Ba6 
27.Qb6 Rxb5 28.Qxa6 Rxb2 29.Qa8+ Kg7 30.Nxe4 Nxe4 
31.Qxe4 Rd2 32.Qe5+ Kg8 33.Qb8+ Kg7 34.Qe5+ Kg8 
35.h3 Rxd4 36.Rb1 Rd1+ 1/2-1/2

[Event "HCL-C053"]
[Site "www.playchess.de"]
[Date "2001.01.22"]
[Round "7"]
[White "CEAuke"]
[Black "Alice"]
[WhiteElo "944"]
[BlackElo "1000"]
[PlyCount "37"]
[Result "1-0"]

1.e4 Nc6 2.Bb5 d5 3.Nc3 dxe4 4.Bxc6+ bxc6 5.Nxe4 
h5 6.h3 Rb8 7.Qf3 Rb4 8.Ng5 Nh6 9.Qxc6+ Qd7 
10.Qxd7+ Bxd7 11.b3 Nf5 12.N1f3 f6 13.c3 Rb5 
14.Ne4 Re5 15.d3 Rh6 16.Bxh6 Rd5 17.Bf4 e5 18.Bh2 
Rxd3 19.c4 1-0

[Event "HCL-C053"]
[Site "www.playchess.de"]
[Date "2001.01.22"]
[Round "9"]
[White "CEAuke"]
[Black "Cooldude"]
[WhiteElo "944"]
[BlackElo "755"]
[PlyCount "21"]
[Result "1/2-1/2"]

1.e4 e5 2.Nc3 Nf6 3.Ne4 Nxe4 4.Qf3 d5 5.Bd3 f5 
6.Bxe4 fxe4 7.Qh5+ g6 8.Qxe5+ Qe7 9.Qxc7 Qxc7 
10.d4 Qxh2 11.f3 1/2-1/2

[Event "HCL-C053"]
[Site "www.playchess.de"]
[Date "2001.01.22"]
[Round "10"]
[White "Pelikan"]
[Black "CEAuke"]
[WhiteElo "1185"]
[BlackElo "944"]
[PlyCount "41"]
[Result "1-0"]

1.e4 d6 2.d4 b6 3.Bc4 Nc6 4.b4 Nxb4 5.c3 Ba6 
6.Bxa6 Nxa6 7.Qa4+ c6 8.Qxa6 Nf6 9.Qe2 b5 10.Nf3 
d5 11.e5 Ne4 12.O-O e6 13.Nfd2 Rb8 14.Nxe4 dxe4 
15.Qxe4 Rb6 16.Be3 Ra6 17.Nd2 c5 18.dxc5 Bxc5 
19.Bxc5 Qxd2 20.Rad1 Qxc3 21.Qa8+ 1-0

[Event "HCL-C053"]
[Site "www.playchess.de"]
[Date "2001.01.22"]
[Round "11"]
[White "Alice"]
[Black "Ewie"]
[WhiteElo "1000"]
[BlackElo "679"]
[PlyCount "62"]
[Result "0-1"]

1.Nc3 e5 2.e4 Nf6 3.g3 Nc6 4.b3 d5 5.d3 Bb4 6.Bb2 
O-O 7.Qd2 Bg4 8.h3 Be6 9.a3 Bxc3 10.Bxc3 dxe4 
11.dxe4 Nxe4 12.Qe3 Nxc3 13.Qxc3 Qd4 14.Ne2 Qxc3+ 
15.Nxc3 Rad8 16.b4 Nd4 17.Rc1 Rfe8 18.Nb5 Nxb5 
19.Bxb5 c6 20.Bf1 Rd7 21.h4 Red8 22.h5 Bg4 23.Bd3 
f5 24.h6 gxh6 25.Rxh6 R7xd3 26.Rh4 Rxa3 27.Rxg4+ 
fxg4 28.Kf1 a5 29.Re1 axb4 30.Rxe5 Ra1+ 31.Ke2 
Rc1 0-1

[Event "HCL-C053"]
[Site "www.playchess.de"]
[Date "2001.01.22"]
[Round "13"]
[White "Cooldude"]
[Black "Ewie"]
[WhiteElo "755"]
[BlackElo "679"]
[PlyCount "31"]
[Result "1-0"]

1.c4 Nc6 2.Nc3 e5 3.e4 Nf6 4.Nf3 Qe7 5.d4 Nxd4 
6.Nxd4 exd4 7.Qxd4 d5 8.cxd5 Bg4 9.Qa4+ c6 10.dxc6 
b5 11.Qxb5 Qd8 12.c7+ Qd7 13.Qe5+ Be7 14.Bb5 O-O 
15.Bxd7 Rfd8 16.Qxe7 1-0

[Event "HCL-C053"]
[Site "www.playchess.de"]
[Date "2001.01.22"]
[Round "14"]
[White "Ewie"]
[Black "Pelikan"]
[WhiteElo "679"]
[BlackElo "1185"]
[PlyCount "24"]
[Result "0-1"]

1.e4 c5 2.Nc3 Nc6 3.d3 d6 4.Nh3 Nf6 5.Be2 Nd4 
6.O-O Bxh3 7.gxh3 h5 8.Nd5 Nxd5 9.exd5 Qd7 10.Bxh5 
Qxh3 11.Qg4 Qxh5 12.Qxh5 Rxh5 0-1

[Event "HCL-C053"]
[Site "www.playchess.de"]
[Date "2001.01.22"]
[Round "15"]
[White "CEAuke"]
[Black "Ewie"]
[WhiteElo "944"]
[BlackElo "679"]
[PlyCount "45"]
[Result "1-0"]

1.e4 c5 2.e5 Qc7 3.Nf3 Nc6 4.Qe2 d6 5.exd6 Qxd6 
6.Ng5 Nf6 7.d3 Bf5 8.Nd2 e6 9.g3 Nd4 10.Qd1 h6 
11.Ngf3 Qd5 12.Bg2 Be4 13.dxe4 Nxe4 14.Nxd4 Nxf2 
15.Bxd5 Nxd1 16.Nb5 Ne3 17.Nc7+ Kd8 18.Nxa8 Nxc2+ 
19.Kd1 Nxa1 20.Bxb7 h5 21.Ne4 Rh6 22.Bxh6 gxh6 
23.Kd2 1-0

[Event "HCL-C053"]
[Site "www.playchess.de"]
[Date "2001.01.22"]
[Round "16"]
[White "ALEBRE"]
[Black "Alice"]
[WhiteElo "800"]
[BlackElo "1000"]
[PlyCount "55"]
[Result "1-0"]

1.d4 g6 2.Nf3 d5 3.h4 Na6 4.Ne5 e6 5.Bg5 Bb4+ 6.c3 
Be7 7.Qa4+ Kf8 8.Rh3 f6 9.Rf3 h6 10.Bd2 Kg7 11.Nd3 
f5 12.Nf4 Bd7 13.Qb3 Bxh4 14.Re3 Nf6 15.Rxe6 Re8 
16.Re5 c5 17.c4 cxd4 18.cxd5 Rxe5 19.Na3 Nc5 
20.Qc4 d3 21.Qxc5 b6 22.Qd6 Ne4 23.Qxg6+ Kf8 
24.Bb4+ Re7 25.Qxh6+ Ke8 26.Ng6 Bxf2+ 27.Kd1 Re5 
28.Qf8+ 1-0

[Event "HCL-C053"]
[Site "www.playchess.de"]
[Date "2001.01.22"]
[Round "18"]
[White "ALEBRE"]
[Black "Cooldude"]
[WhiteElo "800"]
[BlackElo "755"]
[PlyCount "24"]
[Result "0-1"]

1.d4 Nf6 2.e3 c5 3.dxc5 Qa5+ 4.Nc3 Qc7 5.b4 Qe5 
6.Bb2 Ne4 7.Na4 Qf5 8.f4 b5 9.Bxb5 e5 10.g4 Qf6 
11.Qd5 Qh4+ 12.Kf1 Qf2+ 0-1

[Event "HCL-C053"]
[Site "www.playchess.de"]
[Date "2001.01.22"]
[Round "19"]
[White "Pelikan"]
[Black "ALEBRE"]
[WhiteElo "1185"]
[BlackElo "800"]
[PlyCount "49"]
[Result "1-0"]

1.e4 d5 2.exd5 Qxd5 3.Nc3 Qe6+ 4.Be2 Nc6 5.Nf3 a6 
6.O-O f5 7.d4 Qd6 8.Bd3 Nf6 9.Re1 Ng4 10.h3 h5 
11.Ne2 Be6 12.Bf4 Qd7 13.hxg4 hxg4 14.Ne5 Qd5 
15.c4 Qa5 16.Ng6 Rh5 17.d5 Kf7 18.Nxf8 Rxf8 
19.dxe6+ Kxe6 20.Ng3+ Kf7 21.Nxh5 Rd8 22.Qe2 Kg6 
23.Qxg4+ Kf7 24.Qxg7+ Ke8 25.Nf6+ 1-0

[Event "HCL-C053"]
[Site "www.playchess.de"]
[Date "2001.01.22"]
[Round "21"]
[White "Ewie"]
[Black "ALEBRE"]
[WhiteElo "679"]
[BlackElo "800"]
[PlyCount "42"]
[Result "0-1"]

1.e4 d5 2.Nc3 e6 3.exd5 exd5 4.Qe2+ Ne7 5.d4 Be6 
6.Qf3 Nec6 7.Nh3 Nxd4 8.Qh5 Nxc2+ 9.Kd2 Nxa1 
10.Ng5 g6 11.Qh4 Be7 12.Kd1 h6 13.Bd3 Kd7 14.Re1 
hxg5 15.Qa4+ c6 16.b4 Qb6 17.b5 Rxh2 18.Be3 Bc5 
19.Bxg5 Rxg2 20.Rxe6 Kxe6 21.Be4 
Rxg5 0-1

[Event "HCL-A027"]
[Site "www.playchess.de"]
[Date "2001.01.23"]
[Round "19"]
[White "schachinfo_de"]
[Black "raghavendrakarthik"]
[WhiteElo "1414"]
[BlackElo "1700"]
[PlyCount "38"]
[Result "0-1"]

1.d4 Nf6 2.c4 g6 3.Nc3 Bg7 4.e4 d6 5.f4 e5 6.fxe5 
dxe5 7.d5 O-O 8.Bg5 Re8 9.Nf3 c6 10.Rc1 c5 11.a3 
Qd7 12.b4 b6 13.Bd3 h6 14.Bh4 Qg4 15.Qd2 Nh5 16.h3 
Qf4 17.O-O Qxd2 18.Nxd2 Nf4 19.Be2 
g5 0-1

[Event "HCL-A028"]
[Site "www.playchess.de"]
[Date "2001.01.23"]
[Round "7"]
[White "Broda"]
[Black "Nils"]
[WhiteElo "1892"]
[BlackElo "2030"]
[PlyCount "36"]
[Result "0-1"]

1.e4 e5 2.Nf3 Nc6 3.Bc4 Nf6 4.Ng5 d5 5.exd5 Nxd5 
6.Nxf7 Kxf7 7.Qf3+ Ke6 8.Nc3 Ncb4 9.O-O c6 10.Qe4 
Kd6 11.a3 Nf6 12.Qe2 Nxc2 13.d4 Nxd4 14.Rd1 Nd5 
15.Qe4 Bf5 16.Nb5+ Nxb5 17.Qxf5 Nd4 18.Rxd4 
exd4 0-1

[Event "HCL-A033"]
[Site "www.playchess.de"]
[Date "2001.01.23"]
[Round "31"]
[White "sargon"]
[Black "teenspirit"]
[WhiteElo "1700"]
[BlackElo "1809"]
[PlyCount "34"]
[Result "0-1"]

1.e4 Nc6 2.d4 d5 3.e5 Bf5 4.c3 e6 5.Ne2 f6 6.exf6 
Nxf6 7.Ng3 Bd6 8.Nxf5 exf5 9.Qf3 Qd7 10.Bd3 Ne7 
11.Bf4 O-O 12.Nd2 Rae8 13.O-O-O Ne4 14.h4 c5 
15.Bxd6 Qxd6 16.dxc5 Qxc5 17.Rhf1 
Rf6 0-1

[Event "HCL-A038"]
[Site "www.playchess.de"]
[Date "2001.01.23"]
[Round "15"]
[White "teenspirit"]
[Black "schachinfo_de"]
[WhiteElo "1816"]
[BlackElo "1387"]
[PlyCount "25"]
[Result "1-0"]

1.d4 d5 2.Nf3 e6 3.c4 c5 4.Nc3 dxc4 5.e4 cxd4 
6.Qxd4 Qxd4 7.Nxd4 Bb4 8.Bxc4 Nf6 9.f3 O-O 10.Be3 
Bd7 11.O-O Rc8 12.Bb3 Bxc3 13.bxc3 1-0

[Event "HCL-A040"]
[Site "www.playchess.de"]
[Date "2001.01.23"]
[Round "21"]
[White "Lu"]
[Black "Fred"]
[WhiteElo "1800"]
[BlackElo "1762"]
[PlyCount "25"]
[Result "1-0"]

1.e4 c5 2.Nf3 d6 3.d4 cxd4 4.Nxd4 Nf6 5.Nc3 a6 
6.f4 e5 7.Nf3 Nbd7 8.a4 Be7 9.Bc4 O-O 10.Rb1 Qc7 
11.Ba2 Nc5 12.fxe5 dxe5 13.O-O 1-0

[Event "HCL-A046"]
[Site "www.playchess.de"]
[Date "2001.01.23"]
[Round "12"]
[White "peze3"]
[Black "gambitfanatic"]
[WhiteElo "1700"]
[BlackElo "1422"]
[PlyCount "49"]
[Result "1-0"]

1.e4 d5 2.d4 dxe4 3.Nc3 Nf6 4.f3 exf3 5.Nxf3 Bg4 
6.h3 Bxf3 7.Qxf3 c6 8.Be3 e6 9.Bd3 Nbd7 10.O-O Be7 
11.Ne4 O-O 12.c4 Nxe4 13.Qxe4 g6 14.Rad1 Bf6 15.b4 
Bg7 16.Be2 Nf6 17.Qf3 Qd6 18.a3 Nh5 19.d5 Qe5 
20.Bc5 Ng3 21.Rfe1 Rfe8 22.Bd3 Qg5 23.dxc6 bxc6 
24.Be3 Qh4 25.Bf2 1-0

[Event "HCL-A047"]
[Site "www.playchess.de"]
[Date "2001.01.23"]
[Round "8"]
[White "ABBOTS"]
[Black "klypp"]
[WhiteElo "1762"]
[BlackElo "2172"]
[PlyCount "77"]
[Result "0-1"]

1.e4 c5 2.Nc3 Nc6 3.f4 g6 4.Nf3 Bg7 5.Bb5 Nd4 
6.O-O Nxb5 7.Nxb5 d6 8.a4 Nf6 9.d3 O-O 10.Qe1 Ne8 
11.Nh4 e6 12.c4 f5 13.exf5 exf5 14.Rb1 b6 15.b3 a6 
16.Nc3 Bxc3 17.Qxc3 Qxh4 18.Bb2 Qf6 19.Qd2 Qf7 
20.Rbe1 Nf6 21.Qc3 Bb7 22.Re3 Rae8 23.Rfe1 Rxe3 
24.Rxe3 d5 25.cxd5 Qxd5 26.Re2 h6 27.h3 Rf7 
28.Re8+ Kh7 29.Re2 g5 30.fxg5 hxg5 31.Kf1 Kg6 
32.Ke1 Qd6 33.Kf1 Qh2 34.Ke1 Qg1+ 35.Kd2 Ne4+ 
36.Rxe4 fxe4 37.Qh8 Rf2+ 38.Kc3 Qe1+ 
39.Kc4 0-1

[Event "HCL-A051"]
[Site "www.playchess.de"]
[Date "2001.01.23"]
[Round "4"]
[White "Spider"]
[Black "Felix"]
[WhiteElo "1700"]
[BlackElo "1597"]
[PlyCount "36"]
[Result "1/2-1/2"]

1.e4 c5 2.Nf3 d6 3.d4 cxd4 4.Nxd4 Nf6 5.Nc3 g6 
6.Bc4 Bg7 7.h3 O-O 8.Bb3 Nc6 9.Be3 a6 10.O-O Na5 
11.f4 Nxb3 12.axb3 Bd7 13.f5 Qc7 14.Qd2 Bc6 
15.Nxc6 Qxc6 16.Nd5 Rfe8 17.fxg6 hxg6 18.Qf2 
Rad8 1/2-1/2

[Event "HCL-A053"]
[Site "www.playchess.de"]
[Date "2001.01.23"]
[Round "2"]
[White "klypp"]
[Black "gambitfanatic"]
[WhiteElo "2100"]
[BlackElo "1422"]
[PlyCount "41"]
[Result "1-0"]

1.e4 d5 2.exd5 Nf6 3.d4 Nxd5 4.Nf3 g6 5.c4 Nb6 
6.h3 Bg7 7.Nc3 O-O 8.Be2 Nc6 9.Be3 e5 10.d5 Ne7 
11.O-O Nf5 12.Bg5 f6 13.Bc1 Qe7 14.Re1 Bd7 15.Ne4 
Nd6 16.Nxd6 cxd6 17.a4 Bf5 18.a5 Nd7 19.b4 Rac8 
20.Nh4 Kh8 21.g4 1-0

[Event "HCL-A054"]
[Site "www.playchess.de"]
[Date "2001.01.23"]
[Round "16"]
[White "mrchess"]
[Black "klypp"]
[WhiteElo "1555"]
[BlackElo "2144"]
[PlyCount "30"]
[Result "0-1"]

1.d4 Nf6 2.c4 e6 3.Nc3 Bb4 4.Qc2 d5 5.cxd5 Qxd5 
6.e3 c5 7.Nf3 Nc6 8.Be2 cxd4 9.Nxd4 Nxd4 10.exd4 
Qxg2 11.Rf1 Bd7 12.Bf4 Nd5 13.Bg3 Rc8 14.Qd1 Nxc3 
15.Qd2 Nd5 0-1